000 00611nam a22002297a 4500
003 UA-OsUOA
001 22686
007 ta
008 20031223b un ||||| |||| 00| 0 ukr d
090 _a233
_bС25
942 _cBK
040 _aUA-OsUOA
_brus
_cUA-OsUOA
_dUA-OsUOA
245 _aСвятой праведный Иоанн Кронштадтский Моя жизнь во Христе
_cСост. А.свящ. Ельчанинов
300 _a125 с.
955 _a0
041 _arus
080 _a233
260 _aМосква
_bP.S.
_c1990
044 _aRU
650 7 _2UDC
999 _c308914
_d308914